| 000 | 00000nam##2200000za#4500 |
| 001 | 9.672529 |
| 003 | CaOODSP |
| 005 | 20210615130939 |
| 007 | ta |
| 008 | 150407|2010||||xxc||||| f|0| 0 iku|d |
| 020 | |a978-0-662-03409-4 |
| 040 | |aCaOODSP|beng |
| 041 | 7|aiku |
| 043 | |an-cn--- |
| 086 | 1 |aHP40-38/2009Inq |
| 110 | 2 |aPublic Health Agency of Canada. |
| 245 | 12|aA parent's guide to immunization |
| 260 | |aOttawa - Ontario : |bPublic Health Agency of Canada |cc2010. |
| 300 | |a[16]p. ; |c14 cm. |
| 546 | |aText in Inuinnaqtun. |
| 563 | |aSoftcover |
| 590 | |a11-02|b2011-01-14 |
| 690 | 07|aImmunization|2gcpds |
| 775 | 08|tA parent's guide to immunization |w(CaOODSP)9.651584 |
| 775 | 08|tA parent's guide to immunization |w(CaOODSP)9.652098 |
| 775 | 08|tGuide des parents sur la vaccination |w(CaOODSP)9.671928 |
| 775 | 08|tGuide des parents sur la vaccination |w(CaOODSP)9.671932 |
| 775 | 08|tGuide des parents sur la vaccination |w(CaOODSP)9.671934 |
| 775 | 08|tGuide des parents sur la vaccination |w(CaOODSP)9.671936 |
| 775 | 08|tGuide des parents sur la vaccination |w(CaOODSP)9.671938 |
| 775 | 08|tGuide des parents sur la vaccination |w(CaOODSP)9.671942 |
| 775 | 08|tGuide des parents sur la vaccination |w(CaOODSP)9.671944 |
| 775 | 08|tGuide des parents sur la vaccination |w(CaOODSP)9.671946 |
| 775 | 08|tGuide des parents sur la vaccination |w(CaOODSP)9.672004 |
| 775 | 08|tGuide des parents sur la vaccination |w(CaOODSP)9.672528 |
| 775 | 08|tGuide des parents sur la vaccination |w(CaOODSP)9.684603 |
| 775 | 08|tGuide des parents sur la vaccination |w(CaOODSP)9.671930 |
| 775 | 08|tGuide des parents sur la vaccination |w(CaOODSP)9.671940 |
| 776 | 0#|t[Guide des parents sur la vaccination]|w(CaOODSP)9.675138 |
| 792 | |tGuide des parents sur la vaccination |efre|w(CaOODSP)9.672530 |